Statistiques concernant Quiz sur le Koweït

Cliquez ici pour prendre le quiz!

Statistiques générales

  • Ce quiz a été pris 5 288 fois
  • Le résultat moyen est 13 sur 18

Statistiques - réponses

QuestionRéponse% Correct
Langue officielleArabe
96%
Pays frontaliersArabie Saoudite
96%
Religion d'étatIslam
95%
Pays frontaliersIrak
93%
CapitaleKoweït
91%
Principal produit d'exportationPétrole
87%
Conflit que cela a engendréGuerre du {Golfe}
86%
Golfe qui borde le KoweïtGolfe {Persique}
82%
Ce que les femmes du Koweït
peuvent faire depuis 2005
Voter
77%
Pays duquel le Koweït a obtenu
son indépendance, en 1961
Royaume-Uni
76%
Titre porté par le dirigeant du paysÉmir
70%
Région historique, entre le Tigre et
l'Euphrate, dont le Koweït fait partie
Mésopotamie
65%
Dictateur célèbre qui a dirigé
l'invasion du Koweït en 1990
Saddam Hussein
65%
Plus d'un million de koweïtiens
sont nés dans ce pays étranger
Inde
52%
Devise monétaireDinar
50%
Le Koweït fut le premier pays à utiliser
des jockeys-robots dans ce sport
Courses de
{Dromadaires}
45%
Oiseau national du KoweïtFaucon
43%
Parmi les pays de plus d'un million
d'habitants, le Koweït est celui qui
a le plus fort taux d'_____ (37,9%)
Obésité
27%

Distribution des résultats

Percentile par nombre de réponses

% des personnes avec chaque résultat

Votre développement - résultats

Vous n’avez pas pris ce quiz